[Event "4th Batumi Cup 2018"]
[Site "Batumi"]
[Date "2018.07.09"]
[Round "8"]
[White "Eynullayev, Altay"]
[Black "Mammadova, Narmin"]
[Result "0-1"]
[WhiteElo "2134"]
[BlackElo "2209"]
[Annotator "NA"]
[PlyCount "108"]
[EventDate "2018.07.03"]
[EventType "swiss"]
[EventCountry "GEO"]
[SourceTitle "playchess.com"]
[Source "ChessBase"]
[SourceQuality "1"]
[TimeControl "40/5400+30:1800+30"]

1. e4 {[%emt 0:00:00]} c6 {[%emt 0:00:35]} 2. d4 {[%emt 0:00:00]} d5 {[%emt 0:00:09]} 3. f3 {[%emt 0:00:00]} e6 {[%emt 0:00:50]} 4. Nc3 {[%emt 0:00:00]} Bb4 {[%emt 0:05:17]} 5. Bf4 {[%emt 0:00:10]} Nf6 {[%emt 0:01:09] B12: Caro-Kann (Vorstoß-Variante)} (5... Ne7 6. Qd3 b6 7. Nge2 Ba6 8. Qe3 Nd7 9. a3 Bxc3+ 10. Nxc3 Bxf1 11. Rxf1 O-O 12. Kf2 dxe4 13. fxe4 {½-½ (54) Kuzmicz,K (2460)-Rodshtein,M (2699) Katowice 2017}) 6. Qd3 {[%emt 0:00:27]} O-O {[%emt 0:01:05]} 7. Nge2 {[%emt 0:01:11]} b6 {[%emt 0:01:42]} 8. O-O-O {[%emt 0:00:17]} a5 {[%emt 0:02:51]} 9. h4 {[%emt 0:07:41]} a4 $146 {[%emt 0:11:53]} ({Vorgänger:} 9... b5 10. h5 Be7 11. g4 Nfd7 12. Qe3 Nb6 13. g5 b4 14. Nb1 Nc4 {0-1 (33) Saunina,L (2282)-Ushenina,A (2347) St Petersburg 2004}) 10. h5 {[%emt 0:05:16]} Be7 {[%emt 0:10:58]} 11. g4 {[%emt 0:04:23]} Nfd7 {[%emt 0:02:38]} 12. g5 {[%emt 0:17:00]} (12. exd5 $14 cxd5 13. a3) 12... Bxg5 {[%emt 0:05:44]} 13. Bxg5 {[%emt 0:00:44]} Qxg5+ {[%emt 0:00:03]} 14. f4 {[%emt 0:02:17]} Qh6 {[%emt 0:02:54]} 15. Bh3 {[%emt 0:05:32]} Ba6 {[%emt 0:04:54]} 16. Qf3 {[%emt 0:01:39]} dxe4 {[%emt 0:03:27]} 17. Qxe4 {[%emt 0:05:27]} Nf6 {[%emt 0:02:11]} 18. Qe3 {[%emt 0:04:09]} Nd5 {[%emt 0:13:19]} 19. Qf3 {[%emt 0:01:30]} Nd7 {[%emt 0:03:24]} 20. Rhg1 {[%emt 0:02:37]} f5 {[%emt 0:06:27]} 21. Rg5 {[%emt 0:03:03]} Qf6 {[%emt 0:06:10]} 22. Ng3 {[%emt 0:05:06]} (22. Nxd5 $15 cxd5 23. a3) 22... Bc4 {[%emt 0:04:18]} 23. h6 {[%emt 0:10:01] [#]} g6 $1 {[%emt 0:02:02]} ({Not} 23... Qxh6 24. Rh1 $11) 24. Kb1 {[%emt 0:03:51]} Kh8 {[%emt 0:00:57]} 25. Nce2 $2 {[%emt 0:00:44]} (25. Nxd5 Bxd5 26. Qe3) 25... Bxe2 {[%emt 0:01:14]} 26. Nxe2 {[%emt 0:00:27]} b5 {[%emt 0:00:08]} 27. Bf1 {[%emt 0:01:29]} Qe7 {[%emt 0:00:47]} 28. Nc1 {[%emt 0:00:36]} Qd6 {[%emt 0:01:36]} 29. Nd3 {[%emt 0:01:43]} a3 {[%emt 0:00:22]} 30. Ne5 {[%emt 0:00:40]} Nxe5 {[%emt 0:01:06]} 31. fxe5 {[%emt 0:00:20]} Qb4 {[%emt 0:01:19]} 32. Qb3 {[%emt 0:00:12]} Qe7 {[%emt 0:00:39]} 33. Rg3 {[%emt 0:00:16]} axb2 {[%emt 0:00:28]} 34. Bg2 {[%emt 0:01:14]} b4 {[%emt 0:00:28]} 35. Bxd5 {[%emt 0:00:19]} Ra3 $19 {[%emt 0:01:48]} (35... exd5 $2 36. Qxb2 Ra4 37. Rb3 $19) 36. Qxb2 {[%emt 0:00:05]} Rxg3 {[%emt 0:00:13]} 37. Bxc6 {[%emt 0:00:02]} Rc3 {[%emt 0:00:19]} 38. d5 {[%emt 0:00:52]} exd5 {[%emt 0:00:37]} 39. Bxd5 {[%emt 0:00:06]} Qxe5 {[%emt 0:01:02]} 40. Qxb4 {[%emt 0:00:00]} Rb8 {[%emt 0:00:00]} 41. Bb3 {[%emt 0:00:16]} Rcc8 {[%emt 0:03:49]} 42. Qd2 {[%emt 0:01:04]} Qf6 {[%emt 0:01:28]} 43. Re1 {[%emt 0:03:57]} Rd8 {[%emt 0:01:31]} 44. Qe2 {[%emt 0:01:56]} g5 {[%emt 0:03:59]} 45. Qh5 {[%emt 0:03:08]} f4 {[%emt 0:04:49]} 46. Rf1 {[%emt 0:13:38]} Rf8 {[%emt 0:02:43]} 47. Qf3 {[%emt 0:00:54]} Qxh6 {[%emt 0:02:52]} 48. Rh1 {[%emt 0:00:03]} Qg7 {[%emt 0:04:03]} 49. Qd3 {[%emt 0:00:51]} f3 {[%emt 0:03:52]} 50. a4 {[%emt 0:00:25]} Rb7 {[%emt 0:02:05]} 51. Rf1 {[%emt 0:02:32]} f2 {[%emt 0:00:20]} 52. Qe2 {[%emt 0:00:08]} Re7 {[%emt 0:00:30]} 53. Qd2 {[%emt 0:00:18]} Re1+ {[%emt 0:00:32]} 54. Rxe1 {[%emt 0:00:14]} f1=Q {[%emt 0:00:03]} 0-1

[Event "4th Batumi Cup 2018"]
[Site "Batumi"]
[Date "2018.07.10"]
[Round "9"]
[White "Jumabayev, Rinat"]
[Black "Sindarov, Javokhir"]
[Result "0-1"]
[WhiteElo "2594"]
[BlackElo "2474"]
[Annotator "ChessBase"]
[PlyCount "106"]
[EventDate "2018.07.03"]
[EventType "swiss"]
[EventCountry "GEO"]
[SourceTitle "playchess.com"]
[Source "ChessBase"]
[SourceQuality "1"]
[TimeControl "40/5400+30:1800+30"]

1. Nf3 {[%emt 0:00:00]} Nf6 {[%emt 0:01:29]} 2. c4 {[%emt 0:00:00]} g6 {[%emt 0:01:34]} 3. d4 {[%emt 0:00:00]} Bg7 {[%emt 0:01:08]} 4. g3 {[%emt 0:00:00]} O-O {[%emt 0:01:25]} 5. Bg2 {[%emt 0:00:02]} d6 {[%emt 0:00:41]} 6. Nc3 {[%emt 0:00:05]} Nc6 {[%emt 0:00:10]} 7. O-O {[%emt 0:00:18]} Bg4 {[%emt 0:02:06]} 8. d5 {[%emt 0:00:14]} Na5 {[%emt 0:00:08]} 9. b3 {[%emt 0:00:03]} c5 {[%emt 0:00:10]} 10. dxc6 {[%emt 0:00:07]} bxc6 {[%emt 0:00:55]} 11. Bg5 {[%emt 0:02:47]} h6 {[%emt 0:11:16]} 12. Be3 {[%emt 0:00:08]} c5 {[%emt 0:06:20]} 13. Qd2 {[%emt 0:02:42]} Kh7 {[%emt 0:00:18]} 14. h3 {[%emt 0:00:38]} Bd7 {[%emt 0:06:07]} 15. Rfd1 {[%emt 0:00:08]} Nc6 {[%emt 0:01:30]} 16. Rac1 {[%emt 0:00:12]} Rb8 {[%emt 0:07:04]} 17. Nh4 {[%emt 0:02:18]} Nb4 {[%emt 0:08:46]} 18. f4 {[%emt 0:01:11]} Bc6 {[%emt 0:02:30]} 19. Bf2 {[%emt 0:00:57]} Bxg2 {[%emt 0:01:36]} 20. Kxg2 {[%emt 0:00:06]} Qd7 {[%emt 0:16:40]} 21. e4 {[%emt 0:00:21]} Nxe4 {[%emt 0:00:50]} 22. Nxe4 {[%emt 0:00:49]} Qb7 {[%emt 0:00:02]} 23. Qe2 {[%emt 0:08:48]} f5 {[%emt 0:00:07]} 24. a3 {[%emt 0:00:29]} Na6 {[%emt 0:00:04]} 25. Rd5 {[%emt 0:01:16]} Nc7 {[%emt 0:00:14]} 26. Rcd1 {[%emt 0:05:45]} Nxd5 {[%emt 0:00:48]} 27. cxd5 {[%emt 0:00:05]} Qxb3 {[%emt 0:06:09]} 28. Nd2 {[%emt 0:18:04]} Qxd5+ {[%emt 0:00:09]} 29. Nhf3 {[%emt 0:02:06]} Rb7 {[%emt 0:05:32]} 30. Nc4 {[%emt 0:04:51]} Qe4 {[%emt 0:02:12]} 31. Qf1 {[%emt 0:00:10]} Bc3 {[%emt 0:01:25]} 32. Rc1 {[%emt 0:08:42]} Rb3 {[%emt 0:01:55]} 33. Be1 {[%emt 0:00:34]} Bf6 {[%emt 0:00:07]} 34. Ncd2 {[%emt 0:00:26]} Rb2 {[%emt 0:00:12]} 35. Qa6 {[%emt 0:07:38]} Rfb8 {[%emt 0:00:56]} 36. Kf1 {[%emt 0:00:29]} Qd5 {[%emt 0:01:27]} 37. Qc4 {[%emt 0:05:35]} Qxc4+ {[%emt 0:14:28]} 38. Nxc4 {[%emt 0:00:08]} Ra2 {[%emt 0:00:00]} 39. Nfd2 {[%emt 0:00:39]} Bd4 {[%emt 0:00:00]} 40. Nf3 {[%emt 0:00:00]} Bf6 {[%emt 0:00:00]} 41. Nfd2 {[%emt 0:01:47]} Rb5 {[%emt 0:00:00]} 42. Ke2 {[%emt 0:04:39]} d5 {[%emt 0:00:00]} 43. Ne3 {[%emt 0:06:44]} c4 {[%emt 0:00:00]} 44. Nc2 {[%emt 0:01:26]} a6 {[%emt 0:00:00]} 45. Kd1 {[%emt 0:49:03]} Bb2 {[%emt 0:00:00]} 46. Rb1 {[%emt 0:00:00]} Bxa3 {[%emt 0:00:00]} 47. Rxb5 {[%emt 0:00:00]} axb5 {[%emt 0:00:00]} 48. Nb1 {[%emt 0:00:00]} Bb2 {[%emt 0:02:41]} 49. Nb4 {[%emt 0:00:00]} Ra8 {[%emt 0:00:11]} 50. Kc2 {[%emt 0:00:00]} Bg7 {[%emt 0:00:51]} 51. Nxd5 {[%emt 0:00:00]} Ra2+ {[%emt 0:00:04]} 52. Kd1 {[%emt 0:00:00]} Rb2 {[%emt 0:00:07]} 53. Na3 {[%emt 0:00:00]} Rb3 {[%emt 0:00:04]} 0-1

[Event "4th Batumi Cup 2018"]
[Site "Batumi"]
[Date "2018.07.10"]
[Round "9"]
[White "Smirnov, Pavel"]
[Black "Mosadeghpour, Masoud"]
[Result "1/2-1/2"]
[WhiteElo "2576"]
[BlackElo "2531"]
[Annotator "TA"]
[PlyCount "81"]
[EventDate "2018.07.03"]
[EventType "swiss"]
[EventCountry "GEO"]
[SourceTitle "playchess.com"]
[Source "ChessBase"]
[SourceQuality "1"]

{[%evp 21,81,41,48,43,68,52,58,49,51,58,54,39,39,36,43,29,38,0,0,0,-9,-10,-13,-5,0,-12,0,-9,-10,-89,0,0,0,0,18,14,16,14,17,9,9,9,9,9,15,10,13,12,33,14,38,38,44,0,80,0,0,0,80,0,0,0]} 1. d4 Nf6 2. c4 g6 3. g3 Bg7 4. Bg2 d5 5. cxd5 Nxd5 6. Nf3 O-O 7. O-O Nb6 8. Nc3 Nc6 9. e3 Bg4 10. h3 {D76: Grünfeldindisch (Fianchetto HV 7... Sb6)} Be6 11. b3 a5 {LiveBook: 3 Partien} 12. Ba3 {Weiß steht etwas besser.} Nb4 13. Qe2 c6 $146 ({Vorgänger:} 13... h6 14. Rac1 c6 15. Rfd1 Qc8 16. Kh2 Qb8 17. Ne4 Nd7 {½-½ (40) Jojua,D (2592)-Mosadeghpour,M (2474) Teheran 2016}) 14. Rfc1 Qc8 15. Kh2 Rd8 16. Ne4 Bf5 17. Nc5 Nd7 18. Bxb4 axb4 19. e4 Nxc5 20. exf5 Na6 21. fxg6 hxg6 22. Qxe7 Re8 23. Qh4 Qd8 24. Ng5 Nc7 25. Re1 {[#]} (25. Qf4 $11 Qe7 26. Re1) 25... Ra5 ({Bitte nicht} 25... Qxd4 $6 26. Qh7+ Kf8 27. Rad1 $11) (25... Rxe1 $1 $17 26. Rxe1 Rxa2) 26. Rxe8+ $1 $11 Nxe8 27. d5 cxd5 28. Re1 Rxa2 29. Bxd5 Rxf2+ 30. Kg1 Nc7 $1 31. Kxf2 Qxd5 32. Nf3 $40 {[%mdl 128] Weiss hat einigen Angriff.} Bc3 33. Re7 Qd6 34. Re2 Ne6 35. Qc4 Kg7 36. Kg2 Qd7 37. Ne5 Qd4 (37... Qd6 $11 38. Nf3 Qd7) 38. Re4 (38. h4 $16) 38... Qd2+ 39. Re2 (39. Qe2 $11) 39... Qd4 $16 40. Re4 (40. h4 $16) 40... Qd2+ $11 41. Re2 {Precision: Weiß = 55%, Schwarz = 79%.} 1/2-1/2

[Event "4th Batumi Cup 2018"]
[Site "Batumi"]
[Date "2018.07.10"]
[Round "9"]
[White "Levin, Evgeny A"]
[Black "Akhvlediani, Irakli"]
[Result "1/2-1/2"]
[WhiteElo "2539"]
[BlackElo "2264"]
[Annotator "ChessBase"]
[PlyCount "47"]
[EventDate "2018.07.03"]
[EventType "swiss"]
[EventCountry "GEO"]
[SourceTitle "playchess.com"]
[Source "ChessBase"]
[SourceQuality "1"]
[TimeControl "40/5400+30:1800+30"]

1. d4 {[%emt 0:00:00]} Nf6 {[%emt 0:00:00]} 2. c4 {[%emt 0:00:00]} g6 {[%emt 0:00:00]} 3. Nc3 {[%emt 0:00:00]} Bg7 {[%emt 0:00:00]} 4. e4 {[%emt 0:00:00]} O-O {[%emt 0:00:00]} 5. Nf3 {[%emt 0:00:00]} d6 {[%emt 0:00:00]} 6. Be2 {[%emt 0:00:00]} e5 {[%emt 0:00:00]} 7. O-O {[%emt 0:00:00]} Nc6 {[%emt 0:01:08]} 8. d5 {[%emt 0:00:05]} Ne7 {[%emt 0:00:03]} 9. Ne1 {[%emt 0:00:04]} Nd7 {[%emt 0:00:03]} 10. f3 {[%emt 0:00:20]} f5 {[%emt 0:00:04]} 11. g4 {[%emt 0:00:03]} Kh8 {[%emt 0:00:53]} 12. Kg2 {[%emt 0:00:10]} Ng8 {[%emt 0:01:38]} 13. Be3 {[%emt 0:00:09]} Bh6 {[%emt 0:03:33]} 14. Bf2 {[%emt 0:00:26]} Bg5 {[%emt 0:00:38]} 15. Nd3 {[%emt 0:07:06]} Bh4 {[%emt 0:03:21]} 16. Bxh4 {[%emt 0:04:25]} Qxh4 {[%emt 0:00:17]} 17. Qe1 {[%emt 0:00:02]} Qe7 {[%emt 0:02:21]} 18. h4 {[%emt 0:06:24]} fxg4 {[%emt 0:07:07]} 19. fxg4 {[%emt 0:01:03]} Rxf1 {[%emt 0:01:02]} 20. Kxf1 {[%emt 0:00:27]} g5 {[%emt 0:03:31]} 21. h5 {[%emt 0:02:11]} Ndf6 {[%emt 0:02:57]} 22. Qg3 {[%emt 0:00:10]} Nh6 {[%emt 0:00:16]} 23. Nf2 {[%emt 0:00:05]} Bd7 {[%emt 0:10:26]} 24. Kg2 {[%emt 0:00:34]} 1/2-1/2

[Event "4th Batumi Cup 2018"]
[Site "Batumi"]
[Date "2018.07.10"]
[Round "9"]
[White "Sanikidze, Tornike"]
[Black "Quparadze, Giga"]
[Result "0-1"]
[WhiteElo "2512"]
[BlackElo "2503"]
[Annotator "RC"]
[PlyCount "72"]
[EventDate "2018.07.03"]
[EventType "swiss"]
[EventCountry "GEO"]
[SourceTitle "playchess.com"]
[Source "ChessBase"]
[SourceQuality "1"]
[TimeControl "40/5400+30:1800+30"]

1. d4 {[%emt 0:01:53]} Nf6 {[%emt 0:00:00]} 2. c4 {[%emt 0:00:09]} e6 {[%emt 0:00:00]} 3. Nf3 {[%emt 0:00:13]} b6 {[%emt 0:01:16]} 4. Nc3 {[%emt 0:00:44]} Bb4 {[%emt 0:02:37]} 5. Bg5 {[%emt 0:02:10]} Bb7 {[%emt 0:00:21]} 6. Nd2 {[%emt 0:00:47]} h6 {[%emt 0:03:15]} 7. Bh4 {[%emt 0:00:08]} Nc6 {[%emt 0:02:25]} 8. d5 {[%emt 0:02:31]} Ne5 {[%emt 0:04:27]} 9. e4 {[%emt 0:01:41]} Ng6 {[%emt 0:02:40]} 10. Bg3 {[%emt 0:03:54]} e5 {[%emt 0:00:46]} 11. Rc1 {[%emt 0:01:19]} O-O {[%emt 0:03:35]} 12. a3 {[%emt 0:00:16]} Bxc3 {[%emt 0:00:53]} 13. Rxc3 {[%emt 0:00:06]} d6 {[%emt 0:00:04]} 14. Bd3 {[%emt 0:01:12]} Nf4 {[%emt 0:05:03]} 15. O-O {[%emt 0:00:15]} Qe7 {[%emt 0:06:26]} 16. b4 {[%emt 0:01:07]} a5 {[%emt 0:00:04]} 17. Qb1 {[%emt 0:01:10]} g5 {[%emt 0:06:10]} 18. f3 {[%emt 0:03:08]} h5 {[%emt 0:03:26]} 19. Bf2 {[%emt 0:03:32]} h4 {[%emt 0:00:52]} 20. Rfc1 {[%emt 0:05:13]} axb4 {[%emt 0:01:18]} 21. axb4 {[%emt 0:00:05]} Nxd3 {[%emt 0:00:10]} 22. Qxd3 {[%emt 0:00:46]} Nh5 {[%emt 0:00:08]} 23. g3 {[%emt 0:03:10]} hxg3 {[%emt 0:04:22]} 24. hxg3 {[%emt 0:04:29]} Qd7 {[%emt 0:00:04]} 25. Kg2 {[%emt 0:05:27]} Kg7 {[%emt 0:00:30]} 26. c5 {[%emt 0:04:19]} Rh8 {[%emt 0:01:02]} 27. Rh1 {[%emt 0:01:24]} Nf4+ {[%emt 0:01:13]} 28. gxf4 {[%emt 0:00:49]} Rxh1 {[%emt 0:00:05]} 29. f5 {[%emt 0:02:38]} Rah8 {[%emt 0:00:54]} 30. Bg3 {[%emt 0:03:48]} Qa4 {[%emt 0:01:14]} 31. Qe3 {[%emt 0:01:22]} Qd1 {[%emt 0:02:40]} 32. cxd6 {[%emt 0:01:34]} cxd6 {[%emt 0:04:30]} 33. Rc7 {[%emt 0:04:14]} R1h5 {[%emt 0:00:47]} 34. Nf1 {[%emt 0:01:04]} Ba6 {[%emt 0:00:06]} 35. Qf2 {[%emt 0:00:04]} Bxf1+ {[%emt 0:00:14]} 36. Qxf1 {[%emt 0:00:04]} Rh2+ {[%emt 0:00:05]} 0-1

[Event "4th Batumi Cup 2018"]
[Site "Batumi"]
[Date "2018.07.10"]
[Round "9"]
[White "Maghalashvili, Davit"]
[Black "Pantsulaia, Levan"]
[Result "1/2-1/2"]
[WhiteElo "2508"]
[BlackElo "2575"]
[Annotator "TA"]
[PlyCount "30"]
[EventDate "2018.07.03"]
[EventType "swiss"]
[EventCountry "GEO"]
[SourceTitle "playchess.com"]
[Source "ChessBase"]
[SourceQuality "1"]

{[%evp 18,19,0,0]} 1. Nf3 d5 2. d4 c6 3. c4 Nf6 4. cxd5 cxd5 5. Nc3 Nc6 6. Bf4 Bf5 7. e3 e6 8. Bd3 Bxd3 9. Qxd3 Bd6 10. Bxd6 {Predecessor:} Qxd6 $146 11. O-O O-O 12. Rfc1 Rfc8 13. h3 h6 14. Nd2 Nd7 15. Ne2 Ne7 {½-½ (15) Bu,X (2725)-Duda,J (2724) Liaocheng 2018} 1/2-1/2

[Event "4th Batumi Cup 2018"]
[Site "Batumi"]
[Date "2018.07.10"]
[Round "9"]
[White "Nigmatov, Ortik"]
[Black "Tutisani, Noe"]
[Result "0-1"]
[WhiteElo "2461"]
[BlackElo "2469"]
[Annotator "ChessBase"]
[PlyCount "50"]
[EventDate "2018.07.03"]
[EventType "swiss"]
[EventCountry "GEO"]
[SourceTitle "playchess.com"]
[Source "ChessBase"]
[SourceQuality "1"]
[TimeControl "40/5400+30:1800+30"]

1. e4 {[%emt 0:00:00]} e5 {[%emt 0:00:00]} 2. Nf3 {[%emt 0:00:00]} Nc6 {[%emt 0:00:00]} 3. Bc4 {[%emt 0:00:00]} Nf6 {[%emt 0:00:00]} 4. d3 {[%emt 0:00:00]} h6 {[%emt 0:00:20]} 5. c3 {[%emt 0:01:19]} d6 {[%emt 0:00:09]} 6. Nbd2 {[%emt 0:02:06]} g6 {[%emt 0:00:24]} 7. O-O {[%emt 0:01:08]} Bg7 {[%emt 0:01:44]} 8. h3 {[%emt 0:05:40]} O-O {[%emt 0:00:12]} 9. Bb3 {[%emt 0:00:48]} Nd7 {[%emt 0:00:43]} 10. Nc4 {[%emt 0:04:40]} Nc5 {[%emt 0:00:32]} 11. Bc2 {[%emt 0:00:35]} Ne6 {[%emt 0:05:35]} 12. Re1 {[%emt 0:20:17]} f5 {[%emt 0:04:11]} 13. Ne3 {[%emt 0:11:22]} f4 {[%emt 0:12:43]} 14. Nd5 {[%emt 0:00:11]} a5 {[%emt 0:01:00]} 15. Bb3 {[%emt 0:02:38]} Nb8 {[%emt 0:00:21]} 16. c4 {[%emt 0:26:19]} Nc6 {[%emt 0:00:42]} 17. Nc3 {[%emt 0:02:42]} Ncd4 {[%emt 0:01:06]} 18. Nxd4 {[%emt 0:04:40]} exd4 {[%emt 0:02:06]} 19. Ne2 {[%emt 0:00:02]} f3 {[%emt 0:00:12]} 20. gxf3 {[%emt 0:01:37]} a4 {[%emt 0:01:31]} 21. Bxa4 {[%emt 0:00:50]} Ng5 {[%emt 0:00:30]} 22. Bxg5 {[%emt 0:02:08]} Qxg5+ {[%emt 0:00:05]} 23. Ng3 {[%emt 0:00:05]} Bxh3 {[%emt 0:00:39]} 24. Kh2 {[%emt 0:00:33]} Qh4 {[%emt 0:01:00]} 25. Rh1 {[%emt 0:00:02]} Rxa4 {[%emt 0:02:36]} 0-1

[Event "4th Batumi Cup 2018"]
[Site "Batumi"]
[Date "2018.07.10"]
[Round "9"]
[White "Duzhakov, Ilya"]
[Black "Khomeriki, Nino"]
[Result "1/2-1/2"]
[WhiteElo "2448"]
[BlackElo "2257"]
[Annotator "TA"]
[PlyCount "42"]
[EventDate "2018.07.03"]
[EventType "swiss"]
[EventCountry "GEO"]
[SourceTitle "playchess.com"]
[Source "ChessBase"]
[SourceQuality "1"]

{[%evp 24,27,16,0,18,4]} 1. d4 Nf6 2. c4 e6 3. Nc3 d5 4. cxd5 exd5 5. Bg5 Be7 6. e3 c6 7. Bd3 Nbd7 8. Nf3 O-O 9. O-O Re8 10. Qc2 Nf8 11. Bxf6 Bxf6 12. b4 {[%cal Bb2b4,Bb4b5][%mdl 32]} Be7 13. Rab1 {LiveBook: 4 Games. D36: Queen's Gambit Declined: Exchange Variation: Main line (5 Bg5 c6 6 Qc2)} Bd6 14. b5 {Predecessor:} Re6 $146 15. bxc6 bxc6 16. e4 dxe4 17. Nxe4 Rh6 18. Nxd6 Qxd6 19. Rfe1 Be6 20. Be4 Bd5 21. Bxd5 Qxd5 {1-0 (64) Lehtivaara,P (2265)-Hakulinen,E (2355) Finland 1993} 1/2-1/2

[Event "4th Batumi Cup 2018"]
[Site "Batumi"]
[Date "2018.07.10"]
[Round "9"]
[White "Pogosyan, Stefan"]
[Black "Bashirov, Teymur"]
[Result "1-0"]
[WhiteElo "2356"]
[BlackElo "2379"]
[Annotator "NA"]
[PlyCount "65"]
[EventDate "2018.07.03"]
[EventType "swiss"]
[EventCountry "GEO"]
[SourceTitle "playchess.com"]
[Source "ChessBase"]
[SourceQuality "1"]
[TimeControl "40/5400+30:1800+30"]

1. Nf3 {[%emt 0:00:00]} Nf6 {[%emt 0:00:00]} 2. b3 {[%emt 0:00:00]} e6 {[%emt 0:01:04]} 3. Bb2 {[%emt 0:00:00]} d5 {[%emt 0:00:07]} 4. e3 {[%emt 0:00:06]} b6 {[%emt 0:00:08]} 5. c4 {[%emt 0:00:19]} Bb7 {[%emt 0:00:08]} 6. Be2 {[%emt 0:00:19]} Bd6 {[%emt 0:00:14]} 7. O-O {[%emt 0:00:16]} Nbd7 {[%emt 0:00:13]} 8. Nc3 {[%emt 0:00:44]} a6 {[%emt 0:00:08]} 9. d4 {[%emt 0:00:42]} O-O {[%emt 0:00:12]} 10. Rc1 {[%emt 0:01:24]} Qe7 {[%emt 0:00:40]} 11. Qc2 {[%emt 0:00:12]} Rac8 {[%emt 0:02:35]} 12. Bd3 {[%emt 0:02:50]} c5 {[%emt 0:02:43]} 13. cxd5 {[%emt 0:00:25]} exd5 {[%emt 0:00:37]} 14. Qe2 $11 {[%emt 0:00:19]} Ra8 {[%emt 0:03:18]} 15. Rfd1 {[%emt 0:01:29]} Rfd8 {[%emt 0:04:20]} 16. Bf5 {[%emt 0:06:14]} Ne4 {[%emt 0:14:54]} 17. Na4 {[%emt 0:04:48]} Nef6 {[%emt 0:03:29]} 18. dxc5 {[%emt 0:08:58]} bxc5 {[%emt 0:02:14]} 19. Qc2 {[%emt 0:05:44]} g6 {[%emt 0:03:38]} 20. Bh3 {[%emt 0:08:49]} d4 {[%emt 0:04:52]} 21. exd4 {[%emt 0:00:46]} Bxf3 {[%emt 0:04:43]} 22. gxf3 {[%emt 0:00:26]} Nh5 {[%emt 0:02:50]} 23. dxc5 {[%emt 0:06:02]} Bf4 {[%emt 0:21:16]} 24. c6 {[%emt 0:14:56]} Qg5+ {[%emt 0:15:16]} 25. Kf1 {[%emt 0:02:29]} Qh4 {[%emt 0:08:50]} 26. Bxd7 {[%emt 0:00:37]} Qxh2 {[%emt 0:00:16]} 27. Qc3 {[%emt 0:13:15]} Ng3+ {[%emt 0:03:05]} 28. fxg3 {[%emt 0:00:07]} Qh1+ {[%emt 0:00:03]} 29. Ke2 {[%emt 0:00:24]} Re8+ {[%emt 0:00:08]} 30. Bxe8 {[%emt 0:00:18]} Rxe8+ {[%emt 0:00:01]} 31. Kd3 {[%emt 0:00:09]} Re3+ {[%emt 0:02:04]} 32. Kc4 {[%emt 0:00:08]} Rxc3+ {[%emt 0:00:14]} 33. Bxc3 {[%emt 0:00:05]} 1-0

[Event "4th Batumi Cup 2018"]
[Site "Batumi"]
[Date "2018.07.10"]
[Round "9"]
[White "Lomsadze, Davit"]
[Black "Mgeladze, Tamaz"]
[Result "0-1"]
[WhiteElo "2348"]
[BlackElo "2374"]
[Annotator "NA"]
[PlyCount "49"]
[EventDate "2018.07.03"]
[EventType "swiss"]
[EventCountry "GEO"]
[SourceTitle "playchess.com"]
[Source "ChessBase"]
[SourceQuality "1"]
[TimeControl "40/5400+30:1800+30"]

1. e4 {[%emt 0:01:43]} c5 {[%emt 0:00:00]} 2. Nf3 {[%emt 0:00:32]} d6 {[%emt 0:00:00]} 3. d4 {[%emt 0:00:05]} cxd4 {[%emt 0:00:00]} 4. Nxd4 {[%emt 0:00:03]} Nf6 {[%emt 0:00:00]} 5. Nc3 {[%emt 0:00:53]} g6 {[%emt 0:01:19]} 6. Be3 {[%emt 0:03:01]} Bg7 {[%emt 0:00:07]} 7. f3 {[%emt 0:00:04]} Nc6 {[%emt 0:00:06]} 8. Qd2 {[%emt 0:00:12]} O-O {[%emt 0:00:09]} 9. O-O-O {[%emt 0:00:35]} Bd7 {[%emt 0:00:31]} 10. Bc4 {[%emt 0:02:37]} Ne5 {[%emt 0:03:26]} 11. Bb3 {[%emt 0:00:08]} Rc8 {[%emt 0:00:08]} 12. Kb1 $14 {[%emt 0:01:56] LiveBook: 695 Partien} Nc4 {[%emt 0:03:42]} 13. Bxc4 {[%emt 0:00:09]} Rxc4 {[%emt 0:00:03]} 14. g4 {[%emt 0:00:11]} b5 {[%emt 0:00:15]} 15. h4 {[%emt 0:01:42]} b4 {[%emt 0:00:24]} 16. Nce2 {[%emt 0:00:05]} Qc7 {[%emt 0:00:06]} 17. Bh6 {[%emt 0:00:10]} Bxh6 {[%emt 0:00:13]} 18. Qxh6 {[%emt 0:00:04]} e5 {[%emt 0:00:04]} 19. Nb3 {[%emt 0:00:13]} Rxc2 {[%emt 0:00:24]} 20. Rd2 {[%emt 0:00:42]} Rc8 {[%emt 0:00:06]} 21. Qe3 {[%emt 0:00:26]} Bb5 {[%emt 0:08:51]} 22. Na1 {[%emt 0:02:16]} Rxd2 {[%emt 0:07:21]} 23. Qxd2 {[%emt 0:00:04]} Qc4 {[%emt 0:01:38]} 24. Nc1 {[%emt 0:00:16]} Nxe4 {[%emt 0:00:11]} 25. Qd1 {[%emt 1:24:23]} 0-1

[Event "4th Batumi Cup 2018"]
[Site "Batumi"]
[Date "2018.07.10"]
[Round "9"]
[White "Gvetadze, Sofio"]
[Black "Sattarov, Bobir"]
[Result "1-0"]
[WhiteElo "2316"]
[BlackElo "2328"]
[Annotator "NA"]
[PlyCount "71"]
[EventDate "2018.07.03"]
[EventType "swiss"]
[EventCountry "GEO"]
[SourceTitle "playchess.com"]
[Source "ChessBase"]
[SourceQuality "1"]
[TimeControl "40/5400+30:1800+30"]

1. e4 {[%emt 0:00:00]} c5 {[%emt 0:15:49]} 2. Nf3 {[%emt 0:00:00]} d6 {[%emt 0:00:07]} 3. d4 {[%emt 0:00:00]} cxd4 {[%emt 0:00:08]} 4. Nxd4 {[%emt 0:00:03]} Nf6 {[%emt 0:00:07]} 5. f3 {[%emt 0:00:04]} e5 {[%emt 0:02:59]} 6. Nb3 {[%emt 0:00:07]} d5 {[%emt 0:00:14]} 7. Bg5 {[%emt 0:00:25]} Be6 {[%emt 0:00:01]} 8. Bxf6 {[%emt 0:00:17]} gxf6 {[%emt 0:00:06]} 9. exd5 {[%emt 0:00:04]} Bxd5 {[%emt 0:02:52]} 10. Nc3 {[%emt 0:01:00]} Bb4 {[%emt 0:07:50]} 11. Qd3 {[%emt 0:01:52]} Bxc3+ {[%emt 0:00:27]} 12. Qxc3 {[%emt 0:00:28]} Bc6 {[%emt 0:00:51]} 13. Bd3 {[%emt 0:04:53]} O-O {[%emt 0:24:06]} 14. Qb4 {[%emt 0:13:32]} f5 {[%emt 0:02:09]} 15. Bxf5 {[%emt 0:01:55]} Qg5 {[%emt 0:00:01]} 16. Qg4 {[%emt 0:07:23]} Qxg4 {[%emt 0:01:58]} 17. Bxg4 {[%emt 0:01:46]} f5 {[%emt 0:02:17]} 18. Bh3 {[%emt 0:00:16]} Nd7 {[%emt 0:00:21]} 19. Na5 {[%emt 0:04:24]} Rac8 {[%emt 0:06:06]} 20. O-O-O {[%emt 0:01:59]} Nb6 {[%emt 0:01:42]} 21. Rhe1 {[%emt 0:02:33]} Rce8 {[%emt 0:02:10]} 22. Nxc6 {[%emt 0:10:49]} bxc6 {[%emt 0:00:24]} 23. Rd6 {[%emt 0:00:09]} Nd5 {[%emt 0:00:32]} 24. Rxc6 {[%emt 0:00:32]} Nf4 {[%emt 0:00:59]} 25. Rc5 {[%emt 0:00:20]} Nxh3 {[%emt 0:00:09]} 26. gxh3 {[%emt 0:00:04]} e4 {[%emt 0:00:04]} 27. fxe4 {[%emt 0:00:20]} fxe4 {[%emt 0:00:01]} 28. Rg5+ {[%emt 0:00:15]} Kh8 {[%emt 0:00:28]} 29. Rg4 {[%emt 0:01:58]} Rf2 {[%emt 0:00:05]} 30. Rgxe4 {[%emt 0:00:27]} Rxe4 {[%emt 0:00:05]} 31. Rxe4 {[%emt 0:00:04]} Rxh2 {[%emt 0:00:05]} 32. Re3 {[%emt 0:00:22]} h5 {[%emt 0:00:14]} 33. b4 {[%emt 0:00:12]} Kg7 {[%emt 0:00:05]} 34. a4 {[%emt 0:00:20]} Kf6 {[%emt 0:00:05]} 35. b5 {[%emt 0:00:30]} Kf5 {[%emt 0:00:05]} 36. a5 {[%emt 0:00:39]} 1-0